000 00452nam a2200181Ia 4500
008 230524s9999 xx 000 0 und d
020 _a8187328630
082 _a510
_bARU
100 _aS.Arumugan
_98169
245 0 _aEngineering Mathemathics Vol-III
250 _a2ND
260 _aCHENNAI
_bScitech
_c2005
300 _a412
500 _aQuantity Number: 1
650 _aMathematics
700 _a A.Somasundaram A.T Isaac
_98170
942 _cBK
999 _c11405
_d11405